Score 0/26 Timer 05:00
1 Play Today
TV Show Actor % Correct
·Mork· & MindyRobin Williams
88.8%
I Love ·Lucy·Lucille Ball
84%
·Knight· RiderDavid Hasselhoff
77.7%
·Buffy· the Vampire SlayerSarah Michelle Gellar
76.6%
Doogie ·Howser·, M.D.Neil Patrick Harris
75.9%
·Walker·, Texas RangerChuck Norris
73.7%
·Ally· McBealCalista Flockhart
69.8%
The ·Nanny·Fran Drescher
66.4%
The New Adventures of Old ·Christine·Julia Louis-Dreyfus
64.2%
·Fawlty· TowersJohn Cleese & Prunella Scales
59.3%
The ·Young· PopeJude Law
58.2%
·Veronica· MarsKristen Bell
56.9%
·Ugly· BettyAmerica Ferrera
55.7%
TV Show Actor % Correct
·Xena·: Warrior PrincessLucy Lawless
55.5%
Dr. ·Quinn·, Medicine WomanJane Seymour
55.2%
·Dawson's· CreekJames Van Der Beek
54.9%
·Gilligan's· IslandBob Denver
51%
I Dream of ·Jeannie·Barbara Eden
48.3%
The ·Rockford· FilesJames Garner
48.2%
The Larry ·Sanders· ShowGarry Shandling
47.3%
My Name Is ·Earl·Jason Lee
42.8%
·Punky· BrewsterSoleil Moon Frye
39%
·Ironside·Raymond Burr
38.9%
The Adventures of ·Ozzie· and HarrietOzzie Nelson
35.6%
United States of ·Tara·Toni Collette
26.1%
The Suite Life of ·Zack· and CodyDylan Sprouse
25.5%

You're not logged in!

Compare scores with friends on all Sporcle quizzes.
OR
Log In

Sporcle TV

Today on Sporcle TV


Watch our educational content, quiz creation guides, and fun videos on Sporcle TV.

Show Comments

Extras

Top Quizzes Today


Score Distribution

Paid Content

Your Account Isn't Verified!

In order to create a playlist on Sporcle, you need to verify the email address you used during registration. Go to your Sporcle Settings to finish the process.

Report this User

Report this user for behavior that violates our Community Guidelines.

Details: